| 000 | 00649nam a22002417a 4500 | ||
|---|---|---|---|
| 999 |
_c4594 _d4594 |
||
| 001 | 4594 | ||
| 003 | BD-JhCC | ||
| 005 | 20171128191304.0 | ||
| 008 | 171128s1965 -ukabod| |||| 000 0 eng d | ||
| 035 | _a(BD-JhCC)4594 | ||
| 040 |
_aBD-JhCC _dBD-JhCC |
||
| 041 | _aeng | ||
| 082 |
_a910.7 _bMON 1965 |
||
| 100 | _aMonkhouse, F. J. | ||
| 245 |
_aPrincipals Of Physical Geography / _cF. J. Monkhouse |
||
| 260 |
_aLondon : _bUniversity Of London Press LTD. , _c1965. |
||
| 300 |
_aVarious Pages : _bill. ; _c22 cm. |
||
| 504 | _aIncludes Illustrations | ||
| 650 | _aGeography | ||
| 651 | _xStudy and Teaching | ||
| 942 |
_2ddc _cBK |
||